| 000 | 00426pab a2200169 454500 | ||
|---|---|---|---|
| 008 | 180718b2011 xxu||||| |||| 00| 0 eng d | ||
| 100 | _aHarknett, Richard J. | ||
| 245 | _aThe struggle to reform intelligence after 9/11 | ||
| 260 | _c2011 | ||
| 300 | _ap.700-706. | ||
| 362 | _aSep-Oct | ||
| 650 | _aIntelligence | ||
| 700 | _aStever, James A. | ||
| 773 | _aPublic Administration Review | ||
| 908 | _aN | ||
| 909 | _a93408 | ||
| 999 |
_c93408 _d93408 |
||